00413nam a2200193Ia 4500003000900000008004100009040001300050040001300063041000800076100002000084100000900104245004900113250000900162260001200171260000900183300001100192300001000203490000600213IT-RoPAU120407s9999 xx 000 0 und d aIT-RoPAU cIT-RoPAU aita aAlberto Vaccari cs.j. aUn commento a Giobbe, di Giuliano di Eclana. aRoma aBiblico c1915 a218 p. c24 cm v1